000 00821nam a2200229 a 4500
001 000022327
005 20260522135605.0
008 100927s1982 dr ac 001 0 spa d
040 _aDO-SdBNP
_bspa
_cBNPHU
082 _a790.2092
_bR696c
100 1 _aRodri-Mur, Enrique,
_d1909-
_946085
245 1 0 _a50 años de teatro, periodismo y locución /
_cEnrique Rodri-Mur ; prólogo Rubén Suro.
246 1 3 _aCincuenta años de teatro, periodismo y locución.
260 _aSanto Domingo :
_bCorripio,
_c1982.
300 _a344 P. :
_bil., retrs. ;
_c23 cm.
590 _aInventariado, 2018/LP
650 4 _aAutores españoles
_ySIGLO XX
_9633
650 0 _aPeriodistas
_946086
650 4 _aIntelectuales
_zEspaña
_ySIGLO XX
_946087
700 1 _aSuro, Rubén,
_epról.
_926798
910 _aValidado. Control de calidad EMS
999 _c21825
_d21825